1592 1910 1036 1172 1821 1729 1733 1433 1241 1154 1629 1282 1278 1304 1168 1652 1080 1844 1061 1483 1202 1181 1859 1443 1908 1369 1459 1097 1356 1890 1248 1285 1101 1446 1144 1044 1141 1282 1840 1099 1323 1285 1119 1519 1785 1001 1949 1361 1415 1214 1736 1907 1485 1877 1915 1072 1445 1019 1741 1041 1947 1558 1328 1947 1726 1303 1419 1337 1399 1229 1190 1552 1660 1200 1109 1926 1284 1952 1402 1356 1058 1588 1869 1382 1139 1582 1913 1966 1704 1973 1407 1870 1380 1304 1719 1910 1319 1256 1423 BCNSPRNW ULIB Ver.6.0+V

เปลี่ยนเป็นภาษาไทย

Change to English
 แสดงรายละเอียดบรรณานุกรม
  กลับหน้าหลัก

Brief Record : Get Marc (ISO 2709) : E-mail record : QR code < ปิดหน้าต่าง
LEADER : 00000nam 2200000uu 4500
001    13399109259
003     ULIB
008    110315s2545||||th 000 0 tha d
020    9742949166
060  4 WA540JT3^bพ698ก 2545
100 0  พินิจ ฟ้าอำนวยผล
245 00 การวิเคราะห์ข้อมูลระบบสุขภาพภาคตัดขวาง 75 จังหวัด/^cพินิจ ฟ้าอำนวยผล,เขียน
260    นนทบุรี:^bสำนักงานการสนับสนุนและพัฒนาการกระจายอำนาจด้านสุขภาพ,^c2545
300    100 หน้า^bภาพประกอบสี
650  7 การวิเคราะห์ข้อมูล
710 1  กระทรวงสาธารณสุข^bสำนักงานการสนับสนุนและพัฒนาการกระจายอำนาจด้านสุขภาพ
945    ^p0^l0^i015488
995    ทศพร
999 ^a ใช้งานได้ทุกระบบ
รายการนี้ยังไม่มีแท็ก
คุณยังไม่ได้ล็อกอิน คุณสามารถมีกิจกรรมร่วมกับเว็บไซต์ได้ แต่ต้องล็อกอินก่อน ::
  ล็อกอิน

รายการสื่อสารสนเทศ

ลำดับที่ ประเภท เลขเรียก/บาร์โค้ด สถานที่ สถานะ
- ไม่พบข้อมูล -

รายการใกล้เคียง
    ผู้แต่ง [พินิจ ฟ้าอำนวยผล]

BibComment


ยังไม่เคยถูกคอมเมนท์

คอมเมนท์ทรัพยากรรายการนี้
  คอมเมนท์: การวิเคราะห์ข้อมู..


 Copyright 2026. Bcnsprnw @Library